=LDR 00000nam 2200000 4500 =001 INLIS000000000013202 =005 20130612104630 =008 ***********************************Ind** =035 ##$$0010-061300000013202 =041 ##$$a Ind =082 ##$$a 500 =090 ##$$a 500, Rob s =100 ##$$a Roberts, Royston M =245 ##$$a Serendipity, Accidental discoveries in science, Royston M.Roberts. (wiley science editions) =300 ##$$a 270 hlm, 23,5 cm =650 ##$$a Sains =850 ##$$a NBPNMAT =990 ##$$a 28812881 =990 ##$$a 20403843